Xunzi jian shi /

Saved in:
Bibliographic Details
Main Author: Xunzi, 340 B.C.-245 B.C.
Other Authors: Liang, Qixiong, (ed.)
Format: Book
Language:Chinese
Published: Xianggang : Zhonghua shu ju Xianggang fen ju, 1974.
Edition:Gang ban.
Subjects:
Tags: Add Tag
No Tags, Be the first to tag this record!
LEADER 01045cam a2200289ui 4500
001 007728843-2
005 20024617110921.0
008 950925s1974 cc 000 0 chi d
035 0 |a ocm33197000 
040 |a PPiU  |c PPiU  |d *YNH*  |d CStRLIN 
100 0 |6 880-01  |a Xunzi,  |d 340 B.C.-245 B.C. 
245 1 0 |6 880-02  |a Xunzi jian shi /  |c Liang Qixiong zhu [zhu shi] 
250 |6 880-03  |a Gang ban. 
260 |6 880-04  |a Xianggang :  |b Zhonghua shu ju Xianggang fen ju,  |c 1974. 
300 |a 18, 421 p. 
500 |6 880-05  |a Ben shu jiu ming: Xunzi jian shi. 
600 0 0 |6 880-06  |a Xunzi,  |d 340 B.C.-245 B.C.  |x Commentaries. 
700 1 |6 880-07  |a Liang, Qixiong,  |e ed. 
880 0 |6 100-01  |a 荀子,  |d 340 B.C.-245 B.C. 
880 1 0 |6 245-02  |a 荀子簡釋 /  |c 梁啓雄著[注釋] 
880 |6 250-03  |a 港版. 
880 |6 260-04  |a 香港 :  |b 中華書局香港分局,  |c 1974. 
880 |6 500-05  |a 本書舊名: 荀子柬釋. 
880 0 0 |6 600-06  |a 荀子,  |d 340 B.C.-245 B.C.  |x Commentaries. 
880 1 |6 700-07  |a 梁啓雄,  |d ed. 
988 |a 20021108 
906 |0 OCLC